00668nam a2200229Ia 4500008004100000020001800041050001600059050001400075100002400089245003400113245002400147250001600171260001300187260003300200260000900233300001600242300002000258300001100278650001600289999001900305952011400324160404s9999 xx 000 0 und d a971-12-0239-5 aFIL HF 5635 b.M45 2000 aMejorada, Nenita D. aAdvanced accounting part II / cNenita D. Mejorada. a4th Edition aManila : bGoodwill Tradaing Co., Inc., c2000 a285 pages : billustrations ; c25 cm. aAccounting. c293227d293227 001040aSMCbSMCcFILd2005-03-07l0oFIL HF 5635 .M45 2000pSMC00639 r2016-04-04 00:00:00w2016-04-04yBK